Formula One: Most Poles Record Progression - Statistics

General Stats
  • This quiz has been taken 237 times
  • The average score is 8 of 8
Answer Stats
Pole positions Driver Nationality Between % Correct
66-68 Michael Schumacher Germany April 22nd 2006-September 2nd 2017
100%
34-65 Ayrton Senna Brazil June 3rd 1989-April 22nd 2006
99%
69-103 Lewis Hamilton United Kingdom September 2nd 2017-
99%
2-8 Juan Manuel Fangio Argentina June 3rd 1950-June 6th 1953
97%
14-29 Juan Manuel Fangio Argentina July 31st 1954-August 26th 1967
97%
9-13 Alberto Ascari Italy June 6th 1953-July 31st 1954
93%
1 Giuseppe Farina Italy May 12th-June 3rd 1950
92%
30-33 Jim Clark United Kingdom August 26th 1967-June 3rd 1989
84%
No matching quizzes found
Score Distribution
Percent of People with Each Score
Percentile by Number Answered
Your Score History
You have not taken this quiz